Managing change efeectively: (Record no. 6770)
[ view plain ]
| 000 -LEADER | |
|---|---|
| fixed length control field | 00760nac a22002051u 4500 |
| 020 ## - INTERNATIONAL STANDARD BOOK NUMBER | |
| International Standard Book Number | 0877193835 |
| 082 ## - DEWEY DECIMAL CLASSIFICATION NUMBER | |
| Classification number | 658.406 |
| Item number | KIR |
| 090 ## - LOCALLY ASSIGNED LC-TYPE CALL NUMBER (OCLC); LOCAL CALL NUMBER (OCLC) | |
| -- | 6770 |
| -- | 6770 |
| 100 ## - MAIN ENTRY--PERSONAL NAME | |
| Personal name | Kirkpatrick, Donald L. |
| 245 ## - TITLE STATEMENT | |
| Title | Managing change efeectively: |
| Remainder of title | Approaches, methods and case examples/ |
| Statement of responsibility, etc | Donald L. Kirkpatrick |
| 260 ## - PUBLICATION, DISTRIBUTION, ETC. (IMPRINT) | |
| Place of publication, distribution, etc | Boston: |
| Name of publisher, distributor, etc | Butterworth Heinmann,2001 |
| Date of publication, distribution, etc | 2001 |
| 300 ## - PHYSICAL DESCRIPTION | |
| Extent | 192p.; |
| Dimensions | 22 cm. |
| 440 ## - | |
| -- | Improving human performance series |
| 500 ## - GENERAL NOTE | |
| General note | distributer: Al-Ahram |
| 511 ## - PARTICIPANT OR PERFORMER NOTE | |
| Participant or performer note | catalogued by: wessam |
| 650 ## - SUBJECT ADDED ENTRY--TOPICAL TERM | |
| Topical term or geographic name as entry element | organizational change |
| 650 ## - SUBJECT ADDED ENTRY--TOPICAL TERM | |
| Topical term or geographic name as entry element | organizational effectiveness |
| 942 ## - ADDED ENTRY ELEMENTS (KOHA) | |
| Item type | Book - Borrowing |
| Call number prefix | 658.406KIR |
| Withdrawn status | Item status | Damaged status | Not for loan | Home library | Current library | Shelving location | Date acquired | Source of acquisition | Total Checkouts | Total Renewals | Full call number | Barcode | Date last seen | Date last borrowed | Koha item type |
|---|---|---|---|---|---|---|---|---|---|---|---|---|---|---|---|
| Central Library | Central Library | First floor | 04/12/2007 | Purchase | 5 | 4 | 658.406KIR | 000008282 | 15/07/2025 | 15/12/2010 | Book - Borrowing |